000 00533nam a22001817a 4500
005 20251108165329.0
008 250721s1994 xx 000 0 ara d
082 1 4 _a928.21/وهب
100 1 _aوهبة، مجدي
245 1 0 _aداريدن و الشعر المسرحي /
250 _aط3
264 1 _aالقاهره :
_bالهيئة المصرية العامة للكتاب،
_c1994.
300 _a163ص
650 1 7 _aالأدب الإنجليزي
700 1 _aعناني، محمد
942 _2ddc
_cBK
999 _c25268
_d25268